IB Spanish Ab Initio: Compartir el planeta Vocabulary - Statistics

General Stats
  • This quiz has been taken 5 times
  • The average score is 40 of 94
Answer Stats
Hint Answer % Correct
desierto desert
100%
bosque forest
100%
océano ocean
100%
playa beach
75%
duna dune
75%
isla island
75%
lago lake
75%
montaña mountain
75%
río river
75%
valle valley
75%
catarata waterfall
75%
aire air
50%
atmósfera atmosphere
50%
biodiversidad biodiversity
50%
campaña campaign
50%
clima climate
50%
cambio climático climate change
50%
costa coast
50%
consumidor consumer
50%
deforestación deforestation
50%
desastre disaster
50%
este east
50%
ecología ecology
50%
especie en peligro de extinción endangered species
50%
medioambiente environment
50%
fábrica factory
50%
lejos de far from
50%
flor flower
50%
emisiones de gas gas emissions
50%
calentamiento global global warming
50%
efecto invernadero greenhouse effect
50%
hace mal tiempo it's bad weather
50%
hace frío it's cold
50%
hace buen tiempo it's good weather
50%
hace calor it's hot
50%
llueve it's raining
50%
nieva it's snowing
50%
hace sol it's sunny
50%
naturaleza nature
50%
norte north
50%
capa de ozono ozone layer
50%
contaminante pollutant
50%
contaminación pollution
50%
basura rubbish
50%
científico science
50%
mar sea
50%
hay humo there's smoke
50%
conservar to conserve
50%
consumir to consume
50%
mejorar to improve
50%
plantar to plant
50%
prevenir to prevent
50%
reciclar to recycle
50%
emanaciones tóxicas toxic emissions
50%
volcán volcano
50%
otoño autumn
25%
agua potable drinking water
25%
ecuador equator
25%
glaciar glacier
25%
ola de calor heatwave
25%
hace trece grados it's 13 degrees
25%
está despejado it's clear
25%
hay tormenta it's stormy
25%
cerca de near to
25%
geografía física physical geography
25%
planeta planet
25%
acro iris rainbow
25%
reciclaje recycling
25%
sur south
25%
primavera spring
25%
verano summer
25%
la frontera the border
25%
hay nubes there are clouds
25%
hay niebla there's fog
25%
hay helada there's frost
25%
hay granizo there's hail
25%
hay hielo there's ice
25%
amenaza threat
25%
destruir to destroy
25%
cultivar to grow
25%
cocienciar to make aware
25%
contaminar to pollute
25%
ahorrar to save
25%
sobrevivir to survive
25%
amenzar to threaten
25%
cálido warm
25%
oeste west
25%
animal salvaje wild animal
25%
invierno winter
25%
hace viento it's winter
0%
ahorro saving
0%
salvar to salvage
0%
derrochar to waste
0%
derroche waste
0%
No matching quizzes found
Score Distribution
Percent of People with Each Score
Percentile by Number Answered
Your Score History
You have not taken this quiz